Information Commissioner (Record no. 120193)

MARC details
000 -LEADER
fixed length control field 00821cam a2200205 4500
001 - CONTROL NUMBER
control field WS119504
008 - FIXED-LENGTH DATA ELEMENTS--GENERAL INFORMATION
fixed length control field 020830n 000 0 eng u
035 ## - SYSTEM CONTROL NUMBER
System control number (Sirsi) u119504
110 ## - MAIN ENTRY--CORPORATE NAME
Corporate name or jurisdiction name as entry element Information Commissioner
9 (RLIN) 4344
245 ## - TITLE STATEMENT
Title Information Commissioner
520 ## - SUMMARY, ETC.
Summary, etc. Web site for this independent supervisory authority which enforces and overseas advice, legal guidance, codes of practice and tribunal decisions.
650 ## - SUBJECT ADDED ENTRY--TOPICAL TERM
Topical term or geographic name entry element FREEDOM OF INFORMATION ACT 2000
650 ## - SUBJECT ADDED ENTRY--TOPICAL TERM
Topical term or geographic name entry element DATA PROTECTION
650 ## - SUBJECT ADDED ENTRY--TOPICAL TERM
Topical term or geographic name entry element DATA PROTECTION ACT 1998
650 ## - SUBJECT ADDED ENTRY--TOPICAL TERM
Topical term or geographic name entry element DATA PROTECTION REGISTER
650 ## - SUBJECT ADDED ENTRY--TOPICAL TERM
Topical term or geographic name entry element MANAGEMENT-BUSINESS MANAGEMENT-INFORMATION MANAGEMENT
690 ## - LOCAL SUBJECT ADDED ENTRY--TOPICAL TERM (OCLC, RLIN)
Topical term or geographic name as entry element MANAGEMENT-BUSINESS MANAGEMENT
856 40 - ELECTRONIC LOCATION AND ACCESS
Uniform Resource Identifier <a href="https://www.dataprotection.gov.uk">https://www.dataprotection.gov.uk</a>
Public note View the website free of charge at www.dataprotection.gov.uk...
942 ## - ADDED ENTRY ELEMENTS (KOHA)
Suppress in OPAC 0
Holdings
Withdrawn status Lost status Source of classification or shelving scheme Damaged status Not for loan Home library Current library Shelving location Date acquired Total Checkouts Full call number Barcode Date last seen Copy number Price effective from Koha item type
    Dewey Decimal Classification     Virtual Virtual Online 30/08/2002   WEB SITE 119504-2001 06/08/2019 1 06/08/2019 Online material